000 00447nam a2200181Ia 4500
005 20250508162720.0
008 008 250505s9999 xx 000 0 hin d
037 _aTextual
040 _aFEDL
_beng
_cFEDL
041 _ahin
_2eng
084 _aB, KUM
_qFEDL
100 _aMukandilal
_9773899
245 0 _aKalaguru : Anand Kumarswami
260 _c1978
300 _a107p.
942 _cTEXL
_hB, KUM
999 _c1378262
_d1378262